|
|
|
|
| LEADER |
00000nab a2200000uu 4500 |
| 001 |
vtls010889167 |
| 003 |
SK-MaSNL |
| 005 |
20260303110010.0 |
| 008 |
230121|1967 xo |||||||||||||||||slo| |
| 015 |
|
|
|a SNBRB
|
| 035 |
|
|
|a (urnnbn)urn:nbn:sk:snk:ar-004wh4
|
| 035 |
|
|
|a (uuid)8fce8607-edad-473c-9973-08d8be5e883e
|
| 035 |
|
|
|a urn:nbn:sk:snk-ab8ji0
|
| 040 |
|
|
|a SNKBUCL
|b slo
|c SNKBUCL
|e AACR2
|
| 041 |
0 |
|
|a slo
|
| 044 |
|
|
|a xo
|c SK
|
| 100 |
0 |
|
|a T. P.
|4 aut
|9 58678
|
| 245 |
1 |
0 |
|a MASSIMO PALLOTINO, DIE ETRUSKER.
|c T. P.
|
| 773 |
0 |
|
|t Historický časopis
|g Roč. 15, č. 2 (1967), s. 324-325
|
| 954 |
|
|
|a odborná, vedecká literatúra pôvodná (slovenská)
|2 lita
|
| 958 |
|
|
|a OND
|
| 958 |
|
|
|a EUIPO
|
| 958 |
|
|
|a article10
|
| 999 |
|
|
|c 1867273
|d 1869203
|